000 00320nam a22001337a 4500
008 170712b xxu||||| |||| 00| 0 eng d
020 _a9780877797074
041 _aeng
080 _210TH
_a038
100 _a23
101 _aFJA
245 _aMERRIAM WEBSTER'S COLLEGIATE DICTIONARY
_cMERRIAM WEBSTER
942 _2udc
_cBK
999 _c20370
_d20370